000 00682nam a2200241 a 4500
001 BRCA_7543
005 20190320205900.0
008 310513s1953----it-a######---#000-0#ita-#
041 _aita
044 _ait
050 4 _aND623.L6
_b.C65 1953
100 1 _aColetti, Luigi
_918599
245 1 0 _aLotto
_cLuigi Coletti.
260 _aBergamo, Italia
_bIstituto Italiano d´Arti Grafiche
_c1953
300 _a61 p.
_bil. (algunas a color), 206 láminas
_c27 cm.
500 _aS15
600 1 4 _aLotto, Lorenzo
_d1480?-1556?
_99404
650 1 4 _aPintores italianos
_97654
650 1 4 _apinturas italianas
_912941
650 1 4 _aArte cristiano
_93474
902 _aGFM
942 _2lcc
_cB
999 _c7217
_d7217